| 000 | 00680nam a2200205Ia 4500 | ||
|---|---|---|---|
| 001 | 13171 | ||
| 003 | GE_BSU | ||
| 008 | 181216s||||||||xx |||||||||||||| ||und|| | ||
| 040 | _cGE_BSU | ||
| 080 | _a581.1 | ||
| 100 | _aТимирязев,К.А. | ||
| 245 | _aИзбранные работы по хлорофиллу и усвоению света растением | ||
| 245 | _cРед.Максимова Н.А. | ||
| 260 | _aМосква | ||
| 260 | _bИзд-во АНСССР | ||
| 260 | _c1948 | ||
| 300 | _a352стр.илл.23см. | ||
| 653 | _aИзбранные работы по хлорофиллу и усвоению света растением | ||
| 942 | _cBK | ||
| 999 |
_c46335 _d46335 |
||